| 000 | 00755nam a22002417a 4500 | ||
|---|---|---|---|
| 999 |
_c126667 _d126667 |
||
| 003 | dpl | ||
| 005 | 20181129171743.0 | ||
| 008 | 161217b xxu||||| |||| 00| 0 eng d | ||
| 010 | _aB-040976 | ||
| 020 |
_c150.00 _a8187100478 |
||
| 035 | _aB-040976, B-019468, B-019490 | ||
| 037 | _bCen Lib/Ret | ||
| 040 |
_aDPL _bEN _ctit |
||
| 082 |
_a355.825 _bANA |
||
| 100 |
_aAnand, A. _918125 |
||
| 245 |
_aInformation technology : _cby A. Anand _bthe future warfare weapon / |
||
| 260 |
_aNew Delhi _bOcean books _c2000 |
||
| 270 |
_a4/19,Asaf Ali Road _bNew Delhi _e110002 |
||
| 300 |
_a114p. _c21cm(Hb) |
||
| 650 |
_aInformation warfare _918126 |
||
| 650 |
_aArmed Forces--Operational readiness _915897 |
||
| 942 |
_2ddc _cEN _h355.825 _mANA |
||